000 01927cam a2200361 a 4500
001 1199563
003 BJBSDDR
005 20250319171726.0
007 ta
008 980722s1999 enk b 001 0 eng
010 _a 98036795
020 _a0192142178 (alk. paper)
020 _a9780192142177
040 _aDLC
_cDLC
_dDLC
_beng
041 _aeng
050 1 4 _aHD 4901
_bO98 1999
082 0 0 _a306.3/6
245 0 4 _aThe Oxford book of work /
_cedited by Keith Thomas.
260 _aOxford ;
_aNew York :
_bOxford University Press,
_cc1999.
300 _axxiii, 618 pages ;
_c25 cm.
504 _aIncludes bibliographical references and index.
505 0 _aPart I The nature of work: the primal curse; compensations and reward. Part II Kinds of work: woman's work and child labour; working the land and seas; all manner of occupations; head work. Part III The reform of work: dissatisfactions; life after work.
520 _aAn anthology exploring the nature of work and attitudes to it from God's first punishment to the present day. From the perspectives of theologians, economists, philosophers and social investigators, the book illustrates occupations, considers the meaning of work and how it has changed over time.
650 0 _aWork.
650 4 _aTrabajo
_925679
700 1 _aThomas, Keith,
_d1933-
_941254
_eeditor
856 4 2 _3Publisher description
_uhttp://www.loc.gov/catdir/enhancements/fy0636/98036795-d.html
856 4 1 _3Table of contents only
_uhttp://www.loc.gov/catdir/enhancements/fy0636/98036795-t.html
856 4 2 _3Contributor biographical information
_uhttp://www.loc.gov/catdir/enhancements/fy0723/98036795-b.html
906 _a7
_bcbc
_corignew
_d1
_eocip
_f19
_gy-gencatlg
942 _2lcc
_cBK
999 _c40558
_d40558